Statistics for The Office Trivia U.S

Click here to take the quiz!

General Stats

  • This quiz has been taken 13 times
  • The average score is 7 of 15

Answer Stats

HintAnswer% Correct
What is Michael's new paper company called?The Michael Scott Paper Company
100%
How many episodes are in season 1?6
83%
How many phones does Michael have in the finale?2
75%
Who is arrested at the end of the finale?Creed
75%
Who does Jim shoot hoops with who in the season 3 episode "Cocktails"David Wallace
58%
What is the activity that Darryl does with everyone in the office in season 9?Dance
50%
What branch does Holly transfer to?Nashua
42%
Where do Angela and Dwight get married?Schrute Farms
42%
What is Dwight's nickname for Angela?Monkey
33%
What does Michael hang up at the Dinner Party?Neon Beer Sign
33%
What doe Michael call the Christmas game they play in season 2?Yankee Swap
33%
What is the title that Dwight competes for in season 9?AARM
25%
Who is Michael's girlfriend in early season 3?Carol Stills
25%
What is the title of the last episode in season 2?Casino Night
25%
What does Michael say when Ryan tells him he doesn't know how Jeopardy works?What is we're fine
25%

Score Distribution

Percentile by Number Answered

Percent of People with Each Score

Your Score History

You have not taken this quiz